Digital and analog communication systems / (Record no. 10274)

MARC details
000 -LEADER
fixed length control field 00692 a2200217 4500
010 ## - LIBRARY OF CONGRESS CONTROL NUMBER
LC control number ENG-89210
020 ## - INTERNATIONAL STANDARD BOOK NUMBER
International Standard Book Number 9788120334113
Terms of availability 450.00
035 ## - SYSTEM CONTROL NUMBER
System control number EN-72743
037 ## - SOURCE OF ACQUISITION
Source of stock number/acquisition DBAD / PUB
082 14 - DEWEY DECIMAL CLASSIFICATION NUMBER
Classification number 621.382
090 ## - LOCALLY ASSIGNED LC-TYPE CALL NUMBER (OCLC); LOCAL CALL NUMBER (OCLC)
-- 10554
-- 10554
100 1# - MAIN ENTRY--PERSONAL NAME
Personal name Couch, Leon W.
245 1# - TITLE STATEMENT
Title Digital and analog communication systems /
Statement of responsibility, etc by Leon W. Couch
250 ## - EDITION STATEMENT
Edition statement 7th ed
260 ## - PUBLICATION, DISTRIBUTION, ETC. (IMPRINT)
Place of publication, distribution, etc New Delhi
Name of publisher, distributor, etc Prentice Hall of India
Date of publication, distribution, etc 2008
270 ## - ADDRESS
Address M-97, Connaught Circus
City Delhi
Postal code 110033
300 ## - PHYSICAL DESCRIPTION
Extent xxvii, 752p.
Dimensions 24cm ( Pbk.)
500 ## - GENERAL NOTE
General note Includes index
942 ## - ADDED ENTRY ELEMENTS (KOHA)
Institution code [OBSOLETE] dpl
Koha item type English Books
Call number prefix 621.382 / COU
Holdings
Withdrawn status Lost status Source of classification or shelving scheme Damaged status Not for loan Home library Current library Source of acquisition Cost, normal purchase price Total Checkouts Full call number Barcode Date last seen Copy number Uniform Resource Identifier Cost, replacement price Price effective from Koha item type
    Dewey Decimal Classification     D.B.Act.Division D.B.Act.Division DBAD/PUB 450.00   621.382 EN-72743 15/09/2008 1 11306 450.00 15/09/2008 English Books

© Delhi Public Library
Hit Counter
free hit counter